[Event "World Cup"]
[Site "Khanty-Mansiysk RUS"]
[Date "2007.11.25"]
[Round "1.2"]
[White "Nevednichy,V"]
[Black "Landa,K"]
[Result "1/2-1/2"]
[WhiteElo "2531"]
[BlackElo "2678"]
[EventDate "2007.11.24"]

1. e4 c5 2. Nf3 Nf6 3. Nc3 d5 4. exd5 Nxd5 5. g3 g6 6. Bg2 Bg7 7. O-O O-O
8. Re1 Nc7 9. Ne5 Nd7 10. Nxd7 Qxd7 11. d3 Re8 12. a4 Ne6 13. a5 Rb8 14.
Nd5 b5 15. axb6 axb6 16. c3 b5 17. Bd2 Kf8 18. Nf4 Nd8 19. Be3 Qd6 20. d4
cxd4 21. Bxd4 Bxd4 22. Qxd4 Qxd4 23. cxd4 Ne6 24. Nxe6+ Bxe6 25. d5 Bd7 26.
Ra7 Red8 27. b4 Rbc8 28. h4 Rc4 29. Rb1 Bf5 30. Rb2 Be4 31. Re2 Bxg2 32.
Kxg2 Re8 33. Rb7 Rxb4 34. Rc2 Rd8 35. Rc5 Rd6 36. Rbxb5 Re4 37. Rc2 Rd4 38.
Rc8+ Kg7 39. Re8 Rd7 40. Rc5 f6 1/2-1/2

[Event "World Cup"]
[Site "Khanty-Mansiysk RUS"]
[Date "2007.11.25"]
[Round "1.2"]
[White "Volokitin,And"]
[Black "Le Quang Liem"]
[Result "1-0"]
[WhiteElo "2678"]
[BlackElo "2534"]
[EventDate "2007.11.24"]

1. e4 e5 2. Nf3 Nf6 3. d4 Nxe4 4. dxe5 d5 5. Nbd2 Nc6 6. Bb5 Bd7 7. Qe2 Nc5
8. O-O a6 9. Bxc6 Bxc6 10. Nd4 Qd7 11. N2b3 Ne6 12. Nxc6 Qxc6 13. f4 Qc4
14. Qxc4 dxc4 15. Na5 Bc5+ 16. Kh1 b5 17. f5 Nd4 18. Be3 Bb6 19. Bxd4 Bxd4
20. Nc6 Bxb2 21. Rad1 O-O 22. Rd7 Rfe8 23. Re1 a5 24. g4 b4 25. Rxc7 Bc3
26. Re4 h5 27. g5 a4 28. Rxc4 Bxe5 29. Rd7 b3 30. cxb3 axb3 31. axb3 Ra1+
32. Kg2 Ra2+ 33. Kf3 Bxh2 34. Rh4 Rb2 35. Ne7+ Rxe7 36. Rd8+ 1-0

[Event "World Cup"]
[Site "Khanty-Mansiysk RUS"]
[Date "2007.11.25"]
[Round "1.2"]
[White "Onischuk,Al"]
[Black "Andriasian,Z"]
[Result "1/2-1/2"]
[WhiteElo "2674"]
[BlackElo "2546"]
[EventDate "2007.11.24"]

1. c4 e5 2. Nc3 Nc6 3. Nf3 Nf6 4. d4 exd4 5. Nxd4 Bb4 6. g3 O-O 7. Bg2 Ne5
8. O-O Bxc3 9. bxc3 Nxc4 10. e4 d5 11. exd5 Nxd5 12. Qb3 Ndb6 13. Bf4 c5
14. Nb5 Nd2 15. Bxd2 Qxd2 16. Nxa7 Rxa7 17. Qxb6 Ra3 18. Rad1 Qg5 19. Rd5
Qf6 20. Qxf6 gxf6 21. Rxc5 Rxa2 22. Rb1 b6 23. Bd5 bxc5 24. Bxa2 Rd8 25. h4
Bg4 26. Bc4 Rd2 27. Re1 Bf3 28. Bf1 Rc2 29. Re3 Bd5 30. Bg2 Rc1+ 31. Kh2
Be6 32. Bf3 f5 33. Bc6 Kg7 34. f4 Kf6 35. Kg2 Bc4 36. Kf2 Rf1+ 37. Kg2 Rc1
38. Kf2 1/2-1/2

[Event "World Cup"]
[Site "Khanty-Mansiysk RUS"]
[Date "2007.11.25"]
[Round "1.2"]
[White "Peralta,Fe"]
[Black "Inarkiev,E"]
[Result "0-1"]
[WhiteElo "2546"]
[BlackElo "2674"]
[EventDate "2007.11.24"]

1. d4 Nf6 2. c4 g6 3. Nc3 Bg7 4. e4 d6 5. Nf3 O-O 6. Be2 e5 7. O-O Nc6 8.
d5 Ne7 9. Ne1 Nd7 10. Be3 f5 11. f3 f4 12. Bf2 g5 13. Rc1 Ng6 14. c5 Nxc5
15. b4 Na6 16. Nd3 Bd7 17. a4 Rf7 18. Nb5 h5 19. Nxa7 Bf8 20. Nb5 Rg7 21.
Be1 c6 22. Nc3 Nc7 23. Nf2 Kh8 24. a5 Rb8 25. h3 Ne7 26. dxc6 bxc6 27. Na4
Nc8 28. Bc3 Ne8 29. Nb2 Nf6 30. Rc2 Na7 31. Nc4 Qc7 32. Rd2 Nb5 33. Bb2 Re8
34. Nb6 Be6 35. Qc2 Na7 36. Qd1 Be7 37. Nc4 Bxc4 38. Bxc4 d5 39. exd5 cxd5
40. Bxd5 Bxb4 41. Rd3 Bxa5 42. Kh1 Nxd5 43. Rxd5 Nc6 44. Ne4 Rd8 45. Nd6 g4
46. fxg4 hxg4 47. Rxe5 Nxe5 48. Bxe5 gxh3 49. Bxg7+ Qxg7 50. Qh5+ Qh7 51.
Nf7+ Kg8 52. Qxa5 hxg2+ 53. Kxg2 Qe4+ 54. Kg1 Qe3+ 55. Kh1 0-1

[Event "World Cup"]
[Site "Khanty-Mansiysk RUS"]
[Date "2007.11.25"]
[Round "1.2"]
[White "Harikrishna,P"]
[Black "Zhao Jun"]
[Result "1/2-1/2"]
[WhiteElo "2668"]
[BlackElo "2552"]
[EventDate "2007.11.24"]

1. d4 d5 2. c4 c6 3. Nf3 Nf6 4. Nc3 e6 5. Bg5 h6 6. Bxf6 Qxf6 7. e3 Nd7 8.
Bd3 g6 9. O-O Bg7 10. e4 dxc4 11. e5 Qe7 12. Bxc4 O-O 13. Re1 Rd8 14. Qe2
b6 15. Rac1 Bb7 16. Ba6 Rab8 17. Bxb7 Rxb7 18. Qe4 Nb8 19. h4 Rbd7 20. Qf4
Na6 21. a3 Nc7 22. Ne4 Nd5 23. Qg3 Rc7 24. Rc2 c5 25. dxc5 bxc5 26. Rec1 c4
27. Rxc4 Rxc4 28. Rxc4 Qb7 29. Rc2 Qb3 30. Rd2 Rc8 31. Kh2 Rc2 32. Nf6+
Bxf6 33. Rxc2 Qxc2 34. exf6 Qxb2 35. h5 Qxf6 36. hxg6 Nf4 37. gxf7+ Kxf7
38. Qg4 Qf5 39. Qxf5+ exf5 40. Nd4 Kf6 41. Kg3 Nd3 42. f4 h5 43. Kf3 h4 44.
Nc2 Nb2 45. Ke3 Nd1+ 46. Kd2 Nf2 47. Nd4 Ne4+ 48. Kd3 Nf2+ 49. Ke2 Ne4
1/2-1/2

[Event "World Cup"]
[Site "Khanty-Mansiysk RUS"]
[Date "2007.11.25"]
[Round "1.2"]
[White "Amin,B"]
[Black "Nisipeanu,LD"]
[Result "1/2-1/2"]
[WhiteElo "2561"]
[BlackElo "2668"]
[EventDate "2007.11.24"]

1. e4 c5 2. Nf3 Nc6 3. d3 g6 4. g3 Bg7 5. Bg2 Nf6 6. O-O O-O 7. c3 d6 8.
Re1 Bg4 9. h3 Bxf3 10. Qxf3 b5 11. e5 Nxe5 12. Qxa8 Qxa8 13. Bxa8 Rxa8 14.
Rd1 Nd5 15. a3 a5 16. Kf1 a4 17. Ke2 Nc6 18. Be3 Rb8 19. Nd2 f5 20. Nf3 e5
21. d4 exd4 22. cxd4 c4 23. Bd2 h6 24. Kf1 Kf7 25. Bc3 Nc7 26. Re1 d5 27.
Bd2 Ne6 28. Bf4 Nxf4 29. gxf4 Nxd4 30. Ne5+ Bxe5 31. Rxe5 Ne6 32. Rxd5 Nxf4
33. Rd7+ Ke6 34. Rh7 Nxh3 35. Rxh6 Nf4 36. Re1+ Kf6 37. Rh7 Kg5 38. Ree7 b4
39. Rb7 bxa3 40. bxa3 Rd8 41. Rhd7 Rh8 42. Rh7 Rd8 1/2-1/2

[Event "World Cup"]
[Site "Khanty-Mansiysk RUS"]
[Date "2007.11.25"]
[Round "1.2"]
[White "Zhigalko,S"]
[Black "Sasikiran,K"]
[Result "1/2-1/2"]
[WhiteElo "2562"]
[BlackElo "2661"]
[EventDate "2007.11.24"]

1. e4 c5 2. Nf3 d6 3. d4 cxd4 4. Nxd4 Nf6 5. Nc3 a6 6. Be3 e6 7. g4 h6 8.
Bg2 g5 9. Qe2 Nbd7 10. O-O-O Ne5 11. h3 Nfd7 12. f4 gxf4 13. Bxf4 b5 14.
Qf2 Bb7 15. Rhf1 Rh7 16. Kb1 Be7 17. Nce2 Qc7 18. Nc1 O-O-O 19. Nd3 Nc4 20.
Bc1 Bf6 21. b3 Nce5 22. Bb2 Kb8 23. Nf4 Rc8 24. Nh5 Be7 25. Qe2 1/2-1/2

[Event "World Cup"]
[Site "Khanty-Mansiysk RUS"]
[Date "2007.11.25"]
[Round "1.2"]
[White "Iljin,A"]
[Black "Nikolic,Pr"]
[Result "0-1"]
[WhiteElo "2565"]
[BlackElo "2657"]
[EventDate "2007.11.24"]

1. d4 Nf6 2. c4 e6 3. Nc3 Bb4 4. Qc2 O-O 5. a3 Bxc3+ 6. Qxc3 b6 7. Bg5 c5
8. dxc5 bxc5 9. Nf3 Nc6 10. Nd2 Rb8 11. e3 d5 12. O-O-O d4 13. Qc2 h6 14.
Bh4 e5 15. Bd3 Qd6 16. Rhg1 Bg4 17. Rde1 Rb7 18. Be4 Rfb8 19. Bxc6 Qxc6 20.
b3 Bh5 21. exd4 cxd4 22. Rxe5 Bg6 23. Rf5 Qe6 0-1

[Event "World Cup"]
[Site "Khanty-Mansiysk RUS"]
[Date "2007.11.25"]
[Round "1.2"]
[White "Navara,D"]
[Black "Ivanov,AV USA"]
[Result "1-0"]
[WhiteElo "2656"]
[BlackElo "2565"]
[EventDate "2007.11.24"]

1. e4 e5 2. Nf3 Nc6 3. Bb5 a6 4. Ba4 Nf6 5. O-O Be7 6. Re1 b5 7. Bb3 d6 8.
c3 O-O 9. h3 Bb7 10. d4 Re8 11. Nbd2 Bf8 12. d5 Nb8 13. Nf1 Nbd7 14. N3h2
Nc5 15. Bc2 c6 16. b4 Ncd7 17. dxc6 Bxc6 18. Bg5 Qc7 19. Bxf6 Nxf6 20. Ng4
Be7 21. Nxf6+ Bxf6 22. Ne3 Bg5 23. Nf5 g6 24. Ne3 Rad8 25. Qd3 Bxe3 26.
Qxe3 d5 27. exd5 Bxd5 28. Bb3 Qc6 29. Rad1 Bxb3 30. Rxd8 Rxd8 31. axb3 Rc8
32. Rc1 Qe6 33. c4 bxc4 34. Qc3 Rd8 35. bxc4 Rd4 36. b5 axb5 37. cxb5 Rd6
38. Re1 f6 39. Ra1 Qd7 40. Qc5 Qd8 41. Ra7 Kh8 42. Kh2 e4 43. Ra8 Qxa8 44.
Qxd6 Kg7 45. b6 1-0

[Event "World Cup"]
[Site "Khanty-Mansiysk RUS"]
[Date "2007.11.25"]
[Round "1.2"]
[White "Fressinet,L"]
[Black "Flores,Di"]
[Result "1-0"]
[WhiteElo "2654"]
[BlackElo "2566"]
[EventDate "2007.11.24"]

1. e4 c5 2. Nf3 e6 3. Nc3 a6 4. d4 cxd4 5. Nxd4 Qc7 6. Bd3 g6 7. f4 Bg7 8.
Be3 b5 9. e5 f5 10. Be2 Ne7 11. Bf3 Bb7 12. O-O O-O 13. Bxb7 Qxb7 14. Qf3
Nbc6 15. Rad1 Rfd8 16. Nb3 b4 17. Na4 Nd5 18. Rxd5 exd5 19. Qxd5+ Kh8 20.
Nb6 Rab8 21. Rd1 Qc7 22. Nc4 Ne7 23. Qc5 Qc6 24. Nd6 Kg8 25. Na5 Qxc5 26.
Bxc5 Nc6 27. Nab7 Rf8 28. Be3 a5 29. Nc5 Rbd8 30. Nde4 Rb8 31. Nd6 Rbd8 32.
Ndb7 Rde8 33. Nxd7 Rf7 34. Rd3 Nb8 35. Nd6 Rxd7 36. Nxe8 Rxd3 37. cxd3 Bf8
38. Nc7 a4 39. d4 b3 40. axb3 axb3 41. d5 Bb4 42. Nb5 Nd7 43. Kf2 1-0

[Event "World Cup"]
[Site "Khanty-Mansiysk RUS"]
[Date "2007.11.25"]
[Round "1.2"]
[White "Becerra Rivero,J"]
[Black "Bareev,E"]
[Result "0-1"]
[WhiteElo "2568"]
[BlackElo "2653"]
[EventDate "2007.11.24"]

1. e4 e6 2. d4 d5 3. Nc3 Nf6 4. Bg5 dxe4 5. Nxe4 Be7 6. Bxf6 Bxf6 7. Nf3
Nd7 8. Qd2 O-O 9. O-O-O Be7 10. Bd3 b6 11. Qf4 Bb7 12. Kb1 Qb8 13. Neg5 Nf6
14. Ne5 c5 15. Rhe1 cxd4 16. Qxd4 h6 17. h4 Qc7 18. Qe3 Bc5 19. Qe2 Rae8
20. f4 Re7 21. g4 Nd5 22. Nh3 Rd8 23. g5 hxg5 24. hxg5 g6 25. Bxg6 fxg6 26.
Nxg6 Ree8 27. Ne5 Ne3 28. Rc1 Bd4 29. g6 Be4 30. Ng5 Bxc2+ 31. Rxc2 Qxc2+
32. Qxc2 Nxc2 33. Kxc2 Bxe5 34. Rxe5 Rc8+ 35. Kb3 Kg7 36. Ne4 Rcd8 37. Ng5
Kxg6 38. Nxe6 Rc8 39. Nd4 Rxe5 40. fxe5 Rc5 41. e6 Kf6 42. a4 a5 0-1

[Event "World Cup"]
[Site "Khanty-Mansiysk RUS"]
[Date "2007.11.25"]
[Round "1.2"]
[White "Short,N"]
[Black "Baramidze,D"]
[Result "1/2-1/2"]
[WhiteElo "2649"]
[BlackElo "2569"]
[EventDate "2007.11.24"]

1. e4 c5 2. Nf3 d6 3. d4 cxd4 4. Nxd4 Nf6 5. Nc3 Nc6 6. Bg5 e6 7. Qd2 Be7
8. O-O-O Nxd4 9. Qxd4 O-O 10. h4 Qa5 11. Kb1 Bd7 12. Qd2 Rfd8 13. Bd3 b5
14. Nd5 Qxd2 15. Nxe7+ Kf8 16. Ng6+ hxg6 17. Rxd2 Bc6 18. f3 Re8 19. c3 d5
20. Bxf6 gxf6 21. exd5 exd5 22. h5 Kg7 23. hxg6 fxg6 24. Kc2 Re3 25. Re2
Re5 26. Kd2 Rae8 27. Rh4 a6 28. a3 Rxe2+ 29. Bxe2 g5 30. Rh2 f5 31. Bd3 Kg6
32. Rh1 Bd7 33. g4 Bc8 34. Rh3 Bd7 35. Rh2 Bc8 36. Rh1 Bd7 37. Bc2 Bc8 38.
Rh2 Bd7 39. b4 Bc8 40. a4 bxa4 41. Bxa4 Rd8 42. Bc2 d4 43. Bd3 dxc3+ 44.
Kxc3 Rd6 45. Rh8 Rc6+ 46. Kd4 Kg7 47. Rh5 Rd6+ 48. Kc3 Rc6+ 49. Kb2 Kg6 50.
Rh8 Kg7 51. Rh5 1/2-1/2

[Event "World Cup"]
[Site "Khanty-Mansiysk RUS"]
[Date "2007.11.25"]
[Round "1.2"]
[White "Megaranto,S"]
[Black "Georgiev,Ki"]
[Result "0-1"]
[WhiteElo "2569"]
[BlackElo "2649"]
[EventDate "2007.11.24"]

1. e4 e5 2. Nf3 Nc6 3. Bb5 a6 4. Ba4 Nf6 5. O-O Be7 6. Re1 b5 7. Bb3 O-O 8.
h3 Bb7 9. d3 d6 10. c3 Na5 11. Bc2 c5 12. Nbd2 Re8 13. Nf1 Nc6 14. Ng3 Bf8
15. a4 h6 16. Nh2 d5 17. axb5 axb5 18. Rxa8 Bxa8 19. Ng4 Nxg4 20. Qxg4 Re6
21. h4 d4 22. h5 Bb7 23. Nf5 Kh8 24. f4 c4 25. Qg3 b4 26. dxc4 dxc3 27. Rd1
Qb6+ 28. Be3 exf4 29. Qxf4 Bc5 30. b3 Ne5 31. Bxc5 Qxc5+ 32. Kh1 Qf8 33.
Qg3 g6 34. hxg6 fxg6 35. Ne3 Kh7 36. Nd5 h5 37. Ra1 Ng4 38. Qc7+ Kh6 39.
Qg3 Bxd5 40. cxd5 Rf6 41. Bd3 Rf4 42. Re1 Kg5 0-1

[Event "World Cup"]
[Site "Khanty-Mansiysk RUS"]
[Date "2007.11.25"]
[Round "1.2"]
[White "Volkov,Sergey1"]
[Black "Gajewski,G"]
[Result "1/2-1/2"]
[WhiteElo "2648"]
[BlackElo "2573"]
[EventDate "2007.11.24"]

1. d4 Nf6 2. c4 e6 3. Nc3 Bb4 4. e3 b6 5. Nge2 c5 6. a3 Ba5 7. Bd2 Na6 8.
Nf4 Bb7 9. Bd3 O-O 10. O-O d5 11. cxd5 exd5 12. Nb5 Bxd2 13. Qxd2 Qd7 14.
Nc3 Nc7 15. Rad1 Qe7 16. Rfe1 Rfd8 17. Qe2 Re8 18. Nh5 Rad8 19. Nxf6+ Qxf6
20. Qc2 g6 21. dxc5 bxc5 22. b4 cxb4 23. axb4 d4 24. Ne4 Bxe4 25. Bxe4 Nb5
26. exd4 Rc8 27. Qd3 Nc3 28. Ra1 Qe7 29. h3 Qxb4 30. Bf3 a5 31. Rxe8+ Rxe8
32. Rc1 Rc8 33. Kh2 a4 34. Qa6 Qc4 35. Qxc4 Rxc4 36. Bd5 Rc7 37. Ba2 Kf8
38. g4 Ke7 39. g5 Kd6 40. Bxf7 Rxf7 41. Rxc3 Rxf2+ 42. Kg3 Rf7 43. Ra3 Ra7
44. Kf4 Kd5 45. Ke3 Kc4 46. Ke4 Kb4 47. Ra1 a3 48. d5 Re7+ 49. Kd4 Re2 50.
d6 Kb3 51. Kc5 Kb2 52. Rd1 Rc2+ 53. Kb6 Rc1 54. Rd2+ Rc2 1/2-1/2

[Event "World Cup"]
[Site "Khanty-Mansiysk RUS"]
[Date "2007.11.25"]
[Round "1.2"]
[White "Georgiev,Vl"]
[Black "Socko,B"]
[Result "0-1"]
[WhiteElo "2576"]
[BlackElo "2646"]
[EventDate "2007.11.24"]

1. c4 Nf6 2. Nc3 e5 3. g3 Nc6 4. Bg2 g6 5. e4 Bg7 6. Nge2 O-O 7. d3 d6 8.
h3 Nd7 9. O-O Nc5 10. Be3 Ne6 11. Qd2 Ned4 12. f4 Nxe2+ 13. Nxe2 exf4 14.
Nxf4 Nd4 15. Nd5 Be6 16. Bg5 f6 17. Be3 Bxd5 18. exd5 f5 19. Rf4 c5 20.
dxc6 Nxc6 21. Rh4 Bf6 22. Rh6 Qe7 23. Re1 Rae8 24. Bd5+ Kh8 25. Kg2 Qg7 26.
h4 Rxe3 27. Qxe3 Ne5 28. Bf3 f4 0-1

[Event "World Cup"]
[Site "Khanty-Mansiysk RUS"]
[Date "2007.11.25"]
[Round "1.2"]
[White "Savchenko,B"]
[Black "Motylev,A"]
[Result "1/2-1/2"]
[WhiteElo "2583"]
[BlackElo "2645"]
[EventDate "2007.11.24"]

1. d4 d5 2. Bf4 Nf6 3. e3 c5 4. dxc5 Nc6 5. Bb5 e6 6. b4 a5 7. c3 Bd7 8.
Qe2 axb4 9. Bxc6 Bxc6 10. cxb4 d4 11. Nf3 Nd5 12. O-O dxe3 13. Bg5 Be7 14.
Bxe7 Qxe7 15. Qc4 Qf6 16. Nd4 e2 17. Re1 Nxb4 18. Nd2 O-O 19. Nxc6 Nxc6 20.
Ne4 Qb2 21. Qxe2 Qxe2 22. Rxe2 Ra4 23. Rb1 Rfa8 24. Rxb7 Rxa2 25. Rxa2 Rxa2
26. f4 h6 27. h4 1/2-1/2

[Event "World Cup"]
[Site "Khanty-Mansiysk RUS"]
[Date "2007.11.25"]
[Round "1.2"]
[White "Zhang Pengxiang"]
[Black "Gagunashvili,M"]
[Result "1/2-1/2"]
[WhiteElo "2644"]
[BlackElo "2584"]
[EventDate "2007.11.24"]

1. e4 c5 2. Nf3 e6 3. c4 Nc6 4. Nc3 Nf6 5. Be2 d5 6. cxd5 exd5 7. exd5 Nxd5
8. O-O Be7 9. d4 O-O 10. Nxd5 Qxd5 11. Be3 cxd4 12. Nxd4 Nxd4 13. Qxd4 Qxd4
14. Bxd4 Rd8 15. Rfd1 Be6 16. Bf3 Bd5 17. Bxd5 Rxd5 18. Be3 Rxd1+ 19. Rxd1
a6 20. Kf1 Rd8 21. Rc1 Bd6 22. Rd1 Kf8 23. Ke2 1/2-1/2

[Event "World Cup"]
[Site "Khanty-Mansiysk RUS"]
[Date "2007.11.25"]
[Round "1.2"]
[White "Akobian,V"]
[Black "Roiz,M"]
[Result "1/2-1/2"]
[WhiteElo "2585"]
[BlackElo "2644"]
[EventDate "2007.11.24"]

1. d4 d5 2. c4 c6 3. Nf3 Nf6 4. e3 Bg4 5. h3 Bxf3 6. Qxf3 e6 7. Bd3 Bb4+ 8.
Nc3 Nbd7 9. O-O O-O 10. Bd2 Qe7 11. a3 Bd6 12. cxd5 exd5 13. Rfe1 Rae8 14.
e4 dxe4 15. Nxe4 Nxe4 1/2-1/2

[Event "World Cup"]
[Site "Khanty-Mansiysk RUS"]
[Date "2007.11.25"]
[Round "1.2"]
[White "Khalifman,A"]
[Black "Belov,Vl"]
[Result "1/2-1/2"]
[WhiteElo "2643"]
[BlackElo "2587"]
[EventDate "2007.11.24"]

1. d4 Nf6 2. Nf3 g6 3. c4 Bg7 4. Nc3 d5 5. Qa4+ Bd7 6. Qb3 dxc4 7. Qxc4 O-O
8. Bf4 Bc6 9. e3 Nbd7 10. Be2 Nb6 11. Qb3 a5 12. O-O Nfd5 13. Nxd5 Bxd5 14.
Qc2 Bxf3 15. Bxf3 c6 16. Qb3 e6 17. Rfd1 a4 18. Qb4 Re8 19. Bg3 Bf8 20. Qd2
Bd6 21. Rac1 Bxg3 22. hxg3 Qd6 23. a3 Red8 24. Qc3 Rd7 25. Qc5 Qc7 26. Rc2
Qc8 27. Rdc1 Qd8 28. Qc4 Nd5 29. Qd3 1/2-1/2

[Event "World Cup"]
[Site "Khanty-Mansiysk RUS"]
[Date "2007.11.25"]
[Round "1.2"]
[White "Avrukh,B"]
[Black "Milos,G"]
[Result "1/2-1/2"]
[WhiteElo "2641"]
[BlackElo "2592"]
[EventDate "2007.11.24"]

1. d4 d5 2. c4 dxc4 3. e4 Nf6 4. e5 Nd5 5. Bxc4 Nb6 6. Bb3 Nc6 7. Ne2 Bg4
8. Nbc3 e6 9. O-O Qd7 10. Be3 O-O-O 11. h3 Bh5 12. Qc1 Bxe2 13. Nxe2 Ne7
14. a4 Nbd5 15. a5 a6 16. Nc3 Kb8 17. Rd1 c6 18. Ne4 1/2-1/2

[Event "World Cup"]
[Site "Khanty-Mansiysk RUS"]
[Date "2007.11.25"]
[Round "1.2"]
[White "Najer,E"]
[Black "Berg,E"]
[Result "1/2-1/2"]
[WhiteElo "2635"]
[BlackElo "2593"]
[EventDate "2007.11.24"]

1. e4 d5 2. exd5 Qxd5 3. Nc3 Qd6 4. d4 Nf6 5. Nb5 Qd8 6. c4 c6 7. Nc3 Bg4
8. Be2 Bxe2 9. Ngxe2 Nbd7 10. O-O g6 11. Bf4 Bg7 12. Qc2 O-O 13. Rad1 Qa5
14. d5 Rac8 15. dxc6 Rxc6 16. b3 a6 17. Qd2 Re8 18. Nd5 Qxd2 19. Nxf6+ Nxf6
20. Bxd2 Ne4 21. Bb4 b5 22. Nd4 Bxd4 23. Rxd4 f5 24. cxb5 axb5 25. Rd5 Rc2
26. f3 Nf6 27. Rd2 Rxd2 28. Bxd2 e5 29. a4 bxa4 30. bxa4 e4 31. Bg5 Nd5 32.
fxe4 fxe4 33. a5 e3 34. a6 e2 35. Re1 Re6 36. a7 Ra6 37. Rxe2 Rxa7 38. h3
Kg7 39. Re5 Rd7 40. Re8 Nc3 41. Re7+ Rxe7 1/2-1/2

[Event "World Cup"]
[Site "Khanty-Mansiysk RUS"]
[Date "2007.11.25"]
[Round "1.2"]
[White "Vitiugov,N"]
[Black "Sakaev,K"]
[Result "1/2-1/2"]
[WhiteElo "2594"]
[BlackElo "2634"]
[EventDate "2007.11.24"]

1. d4 d5 2. c4 c6 3. Nf3 Nf6 4. Nc3 dxc4 5. a4 Bf5 6. Ne5 Nbd7 7. Nxc4 Qc7
8. g3 e5 9. dxe5 Nxe5 10. Bf4 Nfd7 11. Bg2 g5 12. Bxe5 Nxe5 13. Qd4 f6 14.
O-O-O Be7 15. Ne3 Be6 16. Qe4 Bb3 17. Rd2 O-O 18. h4 Bc5 19. hxg5 fxg5 20.
Bh3 Rf7 21. Nf5 Kh8 22. f4 gxf4 23. gxf4 Nc4 24. Rd4 Nb6 25. Qd3 Raf8 26.
e3 Nd5 27. Ne4 Bxd4 28. Qxd4+ Nf6 29. Nfd6 Bd5 30. Nxf7+ Qxf7 31. Bf5 Qg7
32. Rd1 Bxe4 33. Bxe4 c5 34. Qc4 Qe7 35. Bc2 Qxe3+ 36. Kb1 b6 37. Rd6 Qg1+
38. Rd1 Qe3 39. Rd6 Qg1+ 40. Rd1 Qe3 1/2-1/2

[Event "World Cup"]
[Site "Khanty-Mansiysk RUS"]
[Date "2007.11.25"]
[Round "1.2"]
[White "Pavasovic,D"]
[Black "Shabalov,A"]
[Result "1/2-1/2"]
[WhiteElo "2597"]
[BlackElo "2626"]
[EventDate "2007.11.24"]

1. e4 Nf6 2. e5 Nd5 3. d4 d6 4. c4 Nb6 5. exd6 cxd6 6. Nc3 g6 7. Be3 Bg7 8.
Rc1 O-O 9. b3 e5 10. dxe5 dxe5 11. Qxd8 Rxd8 12. c5 N6d7 13. Nf3 Nc6 14.
Bc4 Na5 15. Be2 b6 16. Na4 bxc5 17. Nxc5 Nxc5 18. Rxc5 e4 19. Nd2 Nb7 20.
Rc1 Nd6 21. O-O Bb7 22. Rc7 Bd5 23. Ba6 Bf8 24. Rfc1 Nf5 25. Nc4 Bb4 26.
Bg5 Re8 27. Ne3 Be6 1/2-1/2

[Event "World Cup"]
[Site "Khanty-Mansiysk RUS"]
[Date "2007.11.25"]
[Round "1.2"]
[White "Laznicka,V"]
[Black "Macieja,B"]
[Result "1/2-1/2"]
[WhiteElo "2610"]
[BlackElo "2606"]
[EventDate "2007.11.24"]

1. d4 Nf6 2. c4 e6 3. Nf3 d5 4. Nc3 dxc4 5. e3 a6 6. a4 c5 7. Bxc4 Nc6 8.
O-O Be7 9. Qe2 cxd4 10. Rd1 e5 11. exd4 exd4 12. Nxd4 Nxd4 13. Qe5 Qd6 14.
Qxd4 Qxd4 15. Rxd4 Bc5 16. Rd1 O-O 17. h3 Be6 18. Bxe6 fxe6 19. Kf1 Rad8
20. Rxd8 Rxd8 21. Ke2 Kf7 22. a5 Ke8 23. Na4 Bd4 24. Ra3 Rd5 25. Nc3 Re5+
26. Kf1 Rf5 27. f3 Bxc3 28. bxc3 Kd7 29. Ke2 Kc6 30. c4 Nd7 31. Be3 Nc5 32.
Bd4 g6 33. Ke3 Nd7 34. g4 Rf8 35. f4 Rc8 36. Rb3 Rc7 37. Ke4 Kd6 38. Rb4
Ke7 39. h4 Nb8 40. h5 Nc6 41. Bc5+ Ke8 42. Ra4 gxh5 43. gxh5 Rf7 44. Bb6
1/2-1/2

[Event "World Cup"]
[Site "Khanty-Mansiysk RUS"]
[Date "2007.11.25"]
[Round "1.2"]
[White "Bruzon Batista,L"]
[Black "Kozul,Z"]
[Result "1/2-1/2"]
[WhiteElo "2607"]
[BlackElo "2609"]
[EventDate "2007.11.24"]

1. e4 c5 2. Nf3 d6 3. d4 cxd4 4. Nxd4 Nf6 5. Nc3 Nc6 6. Bg5 e6 7. Qd2 a6 8.
O-O-O Bd7 9. f3 h6 10. Be3 b5 11. Nxc6 Bxc6 12. Kb1 Qc7 13. Bd3 Rc8 14.
Rhf1 Be7 15. Rfe1 d5 16. Ne2 Nxe4 17. Qc1 Nc5 18. Nd4 b4 19. Qd2 Bd7 20. f4
Nxd3 21. cxd3 O-O 22. Rc1 Qb8 23. Nb3 Qb5 24. Nd4 Qb8 25. Nb3 Qb5 1/2-1/2

[Event "World Cup"]
[Site "Khanty-Mansiysk RUS"]
[Date "2007.11.25"]
[Round "1.2"]
[White "Bartel,Mat"]
[Black "Galkin,A"]
[Result "1-0"]
[WhiteElo "2608"]
[BlackElo "2608"]
[EventDate "2007.11.24"]

1. e4 e5 2. Nf3 Nf6 3. d4 Nxe4 4. dxe5 d5 5. Be3 Bc5 6. Bxc5 Nxc5 7. Nc3 c6
8. Qd2 O-O 9. O-O-O Re8 10. Re1 Nbd7 11. h4 f6 12. b4 Ne6 13. exf6 Nxf6 14.
h5 Qd6 15. Rh4 a5 16. b5 Bd7 17. h6 g6 18. Kb2 Nc5 19. Rxe8+ Rxe8 20. Qd4
Rf8 21. Rf4 Bf5 22. Ng5 Qe7 23. g4 Nxg4 24. Rxg4 Bxg4 25. Qxg4 Rxf2 26. Be2
Rf5 27. Nf3 Ne4 28. Nxe4 Qb4+ 29. Kc1 dxe4 30. Nd2 cxb5 31. Qg3 Qe7 32.
Qb3+ Qf7 33. Qc3 e3 34. Ne4 Qe7 35. Qxe3 Qe5 36. Qd3 Qf4+ 37. Kb2 Qxh6 38.
Bg4 Qg7+ 39. c3 Rf4 40. Be6+ Kh8 41. Qxb5 Qc7 42. Qd5 Kg7 43. Qd4+ Kh6 44.
a4 b6 45. Kb3 Qg7 46. Qd5 Qc7 47. Nd6 Qc5 48. Nf7+ Kg7 49. Qd7 Qg1 50. Ne5+
Kf8 51. Nc4 Rf2 52. Nb2 h5 53. Nd3 Rf1 54. Kc4 Qe3 55. Kb5 Rf3 56. Qd6+ Kg7
57. Ne5 Rf2 58. Ka6 Qg5 59. Qd7+ Kh6 60. Nf7+ Rxf7 61. Qxf7 Qe3 62. Qf6 Qc5
63. Bf7 Qg1 64. c4 1-0

[Event "World Cup"]
[Site "Khanty-Mansiysk RUS"]
[Date "2007.11.26"]
[Round "1.3"]
[White "Ismagambetov,An"]
[Black "Alekseev,Evgeny"]
[Result "1/2-1/2"]
[WhiteElo "2479"]
[BlackElo "2716"]
[EventDate "2007.11.24"]

1. e4 e6 2. d4 d5 3. Nd2 c5 4. Ngf3 cxd4 5. exd5 Qxd5 6. Bc4 Qd6 7. O-O Nf6
8. Nb3 Nc6 9. Re1 a6 10. Nbxd4 Nxd4 11. Nxd4 Qc7 12. Bd3 Bc5 13. c3 Bd7 14.
Qf3 Bxd4 15. cxd4 Bc6 16. Qe2 Rd8 17. b3 O-O 18. Ba3 Rfe8 19. Rad1 Nd5 20.
Qc2 h6 21. Be4 Qa5 22. Qc5 Qxc5 23. Bxc5 Rd7 24. Rc1 Ne7 25. Bd3 Bd5 26.
Rb1 g5 27. a4 Kg7 28. b4 Ra8 29. f3 Ng6 30. Bxg6 Kxg6 31. Kf2 h5 32. h4 g4
33. f4 f6 34. g3 Kf5 35. a5 Re8 36. Re3 Rc8 1/2-1/2

[Event "World Cup"]
[Site "Khanty-Mansiysk RUS"]
[Date "2007.11.26"]
[Round "1.3"]
[White "Ponomariov,R"]
[Black "El Gindy,E"]
[Result "1-0"]
[WhiteElo "2705"]
[BlackElo "2503"]
[EventDate "2007.11.24"]

1. e4 c5 2. Nf3 d6 3. d4 cxd4 4. Nxd4 Nf6 5. Nc3 Nc6 6. Bg5 Bd7 7. Qd2 Nxd4
8. Qxd4 Qa5 9. h4 Rc8 10. f3 e6 11. O-O-O Be7 12. Kb1 a6 13. Qd2 Qc7 14.
Bd3 b5 15. Ne2 a5 16. Nd4 Rb8 17. g4 b4 18. Be3 a4 19. g5 Nh5 20. f4 e5 21.
fxe5 dxe5 22. Nf5 Bxf5 23. exf5 e4 24. Be2 Rd8 25. Qc1 Ng3 26. Bb5+ Kf8 27.
Bf4 Qb6 28. Bxg3 Rxd1 29. Rxd1 Qxb5 30. Qf4 b3 31. Qxe4 bxc2+ 32. Qxc2 a3
33. Qc8+ Qe8 34. Rc1 axb2 35. Qxe8+ Kxe8 36. Rc8+ Bd8 37. Bc7 Kd7 38. Rxd8+
Rxd8 39. Bxd8 Kxd8 40. Kxb2 Ke7 41. Kc3 f6 42. gxf6+ Kxf6 43. a4 1-0

[Event "World Cup"]
[Site "Khanty-Mansiysk RUS"]
[Date "2007.11.26"]
[Round "1.3"]
[White "Kasimdzhanov,R"]
[Black "Gopal,G"]
[Result "1/2-1/2"]
[WhiteElo "2690"]
[BlackElo "2520"]
[EventDate "2007.11.24"]

1. c4 c5 2. Nf3 Nc6 3. d4 cxd4 4. Nxd4 Nf6 5. Nc3 e6 6. a3 d5 7. cxd5 exd5
8. g3 Bc5 9. Be3 Bb6 10. Bg2 O-O 11. O-O Re8 12. Nxc6 bxc6 13. Bd4 Ba6 14.
Rc1 Bxd4 15. Qxd4 Qb6 16. Qd2 Qb3 17. Rfe1 Rad8 18. Qd4 Qb6 19. Qxb6 axb6
20. e3 c5 21. Bf1 Bxf1 22. Kxf1 Ne4 23. Red1 Nxc3 24. Rxc3 Rd6 25. b4 Rc8
26. bxc5 bxc5 27. Rb3 g6 28. Ke2 Kg7 29. Rb5 d4 30. exd4 cxd4 31. Rb3 Rc2+
32. Rd2 Rc1 33. a4 Ra1 34. Rb4 Re6+ 35. Kd3 Ra6 36. Rxd4 Kf8 37. Ke4
1/2-1/2

[Event "World Cup"]
[Site "Khanty-Mansiysk RUS"]
[Date "2007.11.26"]
[Round "1.3"]
[White "Nguyen Ngoc Truong Son"]
[Black "Van Wely,L"]
[Result "1-0"]
[WhiteElo "2530"]
[BlackElo "2679"]
[EventDate "2007.11.24"]

1. e4 c5 2. Nf3 e6 3. d4 cxd4 4. Nxd4 Nf6 5. Nc3 d6 6. Be2 Be7 7. O-O O-O
8. f4 Nc6 9. Be3 a6 10. Kh1 Qc7 11. Qe1 Nxd4 12. Bxd4 b5 13. a3 Bb7 14. Qg3
g6 15. Bf3 Nd7 16. f5 Ne5 17. Bg4 exf5 18. exf5 Rfe8 19. fxg6 hxg6 20. Bxe5
dxe5 21. Be6 fxe6 22. Qxg6+ Kh8 23. Rf7 Bxg2+ 24. Qxg2 1-0